000 03160ncm0a2200589 4500
001 RU\NLR\ONIZ\218943
005 20250626084932.0
013 _a979-0-66006-051-3
021 _aRU
_b16-304н
_916-20н
021 _aRU
_b17-316
_917-22н
021 _aRU
_b18-221
_918-НО-П-17
021 _aRU
_b18-366
_918-НО-П-29
021 _aRU
_b19-372
_919-НО-П-29
035 _aRU\NLR\ONIZ\lanatalya\5000005158\20170627152930
035 _a(NLR Aleph) 011534510
071 2 0 _a15164
090 _a12161403
_c12161403
100 _a20140708d2012 |||y0rusy50 ca
101 0 _arus
102 _aRU
125 _aax
145 0 _ab
200 1 _aШкола игры на фортепиано
_bНоты
_fпод общ. ред. А. Николаева
_gсост. А. Николаев, В. Натансон, Л. Рощина
205 _aИзд. испр. и доп.
210 _aМосква
_cМузыка
_gИПК "Чувашия"
_eЧебоксары
_dcop. 2012
215 _a199 с.
_cил.
_d30 см
313 _aСистематизация документа проведена по изданию - Методика классифицирования музыкальных произведений (нотных изданий) по таблицам Библиотечно-библиографических классификаций : метод. рекомендации / Гос. б-ка СССР им. В.И. Ленина.- М., 1977. Индексу ББК методических рекомендаций присваивается код ББК для научных библиотек - LBC/SL
606 1 _aФортепиано
_xШкола игры
_yРоссия
_z20-21 век
_2nlr_sh
686 _aЩ954.291(2)
_vLBC/SL
_2rubbk
700 1 _9z04790
_aНиколаев
_bА. А.
_f1903-1980
_gАлександр Александрович
_4070
_7ca
702 1 _9z02790
_aНатансон
_bВ. А.
_f1909-1994
_gВладимир Александрович
_4220
_7ba
702 1 _9z03790
_aРощина
_bЛ. В.
_f1928-
_gЛюдмила Владимировна
_4220
790 1 _9z02702
_aNatanson
_bV. A.
_f1909-1994
_gVladimir Aleksandrovich
_4220
_7ba
790 1 _9z03702
_aRoshina
_bL. V.
_f1928-
_gLyudmila Vladimirovna
_4220
790 1 _9z04700
_aNikolaev
_bA. A.
_f1903-1980
_gAleksandr Aleksandrovič
_4070
_7ba
801 0 _aRU
_bNLR
_c20140708
_gPSBO
801 1 _aRU
_bNLR
_c20140708
_2rusmarc
801 2 _aRU
_bNLR
_c20191101
852 _aNLR
_bМ
_j3/11645
_pМОЭ 2016-20н/304н
_t1
852 _aNLR
_bМ
_j3/11645а
_pМОЭ 2016-20н/304на
_t2
852 _aNLR
_bМ
_j3/11645г
_pМОЭ 2017-22н/316
_t3
852 _aNLR
_bМ
_j3/11645д
_pМОЭ 2017-22н/316а
_t4
852 _aNLR
_bМ
_j3/11645е
_pМОЭ 2018-НО-П-17/221
_t5
852 _aNLR
_bМ
_j3/11645ё
_pМОЭ 2018-НО-П-17/221а
_t6
852 _aNLR
_bМ
_j3/11645ж
_pМОЭ 2018-НО-П-29/366
_t7
852 _aNLR
_bМ
_j3/11645з
_pМОЭ 2018-НО-П-29/366а
_t8
852 _aNLR
_bМ
_j3/11645и
_pМОЭ 2019-НО-П-29/372
_t11
852 _aNLR
_bМ
_j3/11645к
_pМОЭ 2019-НО-П-29/372а
_t12
942 _cSCORE
980 _aNB
980 _aONIZ